Suicide : inside and out /

Bibliographic Details
Main Author: Reynolds, David K.
Other Authors: Farberow, Norman L.
Format: Book
Language:English
Published: Berkeley : University of California Press, 1977
Edition:1st paperback ed.
Subjects:

MARC

Tag First Indicator Second Indicator Subfields
LEADER 00000cam a2200000 i 4500
001 in00000033226
005 20151007060533.0
008 780720c19771976cau b 00110 eng d
010 |a  75022661  
020 |a 0520035062 
035 |a (OCoLC)04067848 
035 |9 AAC1079AM 
040 |a IUL  |c IUL  |d m.c.  |d VET  |d TXA  |d UtOrBLW 
049 |a TXAM  |c [A11670865] 
050 4 |a RC569  |b .R49 1977 
100 1 |a Reynolds, David K. 
245 1 0 |a Suicide :  |b inside and out /  |c David K. Reynolds and Norman L. Farberow. 
250 |a 1st paperback ed. 
264 1 |a Berkeley :  |b University of California Press,  |c 1977 
264 4 |c ©1976 
300 |a xi, 226 pages ;  |c 20 cm. 
336 |a text  |b txt  |2 rdacontent 
337 |a unmediated  |b n  |2 rdamedia 
338 |a volume  |b nc  |2 rdacarrier 
504 |a Bibliography: pages 221-224. 
500 |a Includes index. 
650 0 |a Suicide. 
650 0 |a Suicide  |x Prevention. 
650 0 |a Psychiatric hospitals  |x Sociological aspects. 
700 1 |a Farberow, Norman L. 
999 |a MARS 
999 f f |s 78a7b555-45c6-38b4-a0eb-85dec6eb5cb6  |i 13d82b7f-a195-325a-bfd1-58ba8c5205ad  |t 0 
952 f f |p normal  |a Texas A&M University  |b College Station  |c Sterling C. Evans Library  |d Evans: Library Stacks  |t 0  |e RC569 .R49 1977  |h Library of Congress classification  |i unmediated -- volume  |m A14811670865 
998 f f |a RC569 .R49 1977  |t 0  |l Evans: Library Stacks